| 000 | 01604cam a2200349 a 4500 | ||
|---|---|---|---|
| 999 |
_c331132 _d331132 |
||
| 001 | 17304545 | ||
| 003 | NUST | ||
| 005 | 20170918115804.0 | ||
| 008 | 120518s2012 pk 000 0durd | ||
| 010 | _a 2011326280 | ||
| 020 | _a9789695622087 | ||
| 025 | _aP-U-2011326280; 21 | ||
| 037 |
_bLibrary of Congress -- Islamabad Overseas Office _cRs 400 |
||
| 040 |
_aDLC _cDLC _dDLC |
||
| 042 |
_alcode _apcc |
||
| 043 | _aa-pk--- | ||
| 050 | 0 | 0 |
_aDS380.M37 _bA93 2012 |
| 066 |
_c(3 _c(4 |
||
| 082 |
_a909.0491598 _bAZA |
||
| 100 | 1 |
_6880-01 _aAʻẓam, Kāmrān, _d1976- _94623 |
|
| 245 | 1 | 0 |
_6880-02 _aMarī qabīlah : _btārīk̲h̲ va tahz̲īb ke tanāẓur men̲ / _cmūʼallif, Kāmrān Aʻẓam Sohdravī. |
| 260 |
_6880-03 _aLāhore : _bFikshan Hāʼūs, _c2012. |
||
| 300 |
_a367 p. ; _c22 cm. |
||
| 520 | _aHistorical study of Marri people living in Balochistān and some parts of Sindh, Pakistan; include their social life and customs. | ||
| 546 | _aIn Urdu. | ||
| 650 | 0 |
_aMarri (Pakistani people) _xHistory. _94624 |
|
| 650 | 0 |
_aMarri (Pakistani people) _xSocial life and customs. _94625 |
|
| 880 | 1 |
_6100-01/(3/r _aاعظم، کامران، _d1976- |
|
| 880 | 1 | 0 |
_6245-02/(3/r _aمرى قبيله : _bتاريخ و تهذيب کے تناظر ميں / _cمؤلّف، کامران اعظم سوهدروى. |
| 880 |
_6260-03/(3/r _aلاهور : _bفکشن هاؤس، _c2012. |
||
| 906 |
_a7 _bcbc _corigode _d3 _encip _f20 _gy-nonroman |
||
| 942 |
_2ddc _cBK |
||